Danganronpa Trigger Happy Havoc Personnage - Statistiques

Statistiques générales
  • Ce quiz a été pris 131 fois
  • Le résultat moyen est 11 sur 17
Statistiques - réponses
Hint Réponse % Correct
L'ultime Espoir Makoto Naegi
88%
L'ultime Détective Kyoko Kirigiri
79%
L'ultime Fashionista Junko Enoshima
78%
L'ultime Héritier Byakuya Togami
77%
Le directeur actuel de l'école Monokuma
76%
L'ultime Programmeur Chihiro Fujisaki
71%
L'ultime Nageuse Aoi Asahina
67%
L'ultime Auteur Toko Fukawa
66%
L'ultime Parieuse Celestia Ludenberg
64%
L'ultime Biker Mondo Owada
62%
L'ultime Idole Sayaka Maizono
62%
L'ultime Joueur de baseball Leon Kuwata
61%
L'ultime Combattante Sakura Ogami
58%
L'ultime voyant Yasuhiro Hagakure
57%
L'ultime Soldate Mukuro Ikusaba
54%
L'ultime auteur de Fanfiction Hifumi Yamada
53%
L'ultime Préfet Kiyotaka Ishimaru
49%
Aucun quiz correspondant
Distribution des résultats
% des personnes avec chaque résultat
Percentile par nombre de réponses
Votre historique - résultats
Vous n’avez pas pris ce quiz